Quiz Atletico Szczecin - Statystyki

Ogólne statystyki
  • Ten quiz został rozwiązany 58 razy
  • Średni wynik to 4 z 11
Statystyki odpowiedzi
Hint Odpowiedź % Poprawnych
Trofea 4
83%
Liga klasowa 100%
50%
Zawodnicy 13
50%
Ranking 1 miejsce
33%
Data powstania 20.12.2023
33%
Wyniki z meczów 2:0,3:0,1:0,2:0
33%
Klasa 2a
33%
Wróg Team Estriper
33%
Ile przetrwali 1 miesiąc i 3 tygodnie
17%
Ich potomstwa Atletico Szczecin 2,Atletico Szczecin 2.0
17%
Miejsce Sp35 szczecin
17%
Nie znaleziono quizów pasujących do podanych kryteriów
Rozkład punktacji
Procent ludzi z każdym wynikiem
Percentyl według liczby udzielonych odpowiedzi
Twoja historia wyników
Nie rozwiązałeś tego quizu